| 000 | 00357nam a22001571a 4500 | ||
|---|---|---|---|
| 082 |
_aH301 _bMAN/B |
||
| 100 | _aManjul Bhagat | ||
| 245 |
_aBoond/ _cby Manjul Bhagat |
||
| 260 |
_aNew Delhi: _bBharatiya Jnanpith, _c1999. |
||
| 300 | _a136p. | ||
| 650 | _aStories Hindi | ||
| 650 | _aLiterature Hindi | ||
| 650 | _aLiterature | ||
| 942 | _cBK | ||
| 942 | _cBK | ||
| 999 |
_c5815 _d5815 |
||